00420 2200169 4500001002100000005001500021008004100036020002200077035001900099041000700118082001000125090001600135100002000151245002100171260003400192300002400226INLIS00000000001582420241224115016241224||||||||| | ||| |||| || |  a978-979-29-2693-4 0010-1224015824 aid0 a338.3 a338.3 CAH f0 aCahyo Saparinto00aFISH PRENEURSHIP aYogyakartabAndi Offsetc2011 a124 hlm.;14 x 21 cm